00385nam a2200145Ia 450000500170000000800410001702000190005808200210007710000170009824500620011525000120017726000270018930000140021644000090023020240704101614.0240126s9999 xx 000 0 und d a97810750664394 a387.71 HAN;1 R aHanlon, Pat. 0aGlobal airlines : competition in a transnational industry a3rd ed. bOxfordaElsevierc2007 axvii, 370 aNULL